1990s Actors by Picture #1 - Statistics

General Stats
  • This quiz has been taken 206 times
  • The average score is 13 of 16
Answer Stats
Picture Answer % Correct
Will Smith
99%
Brad Pitt
93%
Leonardo DiCaprio
92%
Jim Carrey
90%
George Clooney
86%
Johnny Depp
84%
Samuel L Jackson
84%
Julia Roberts
83%
Keanu Reeves
82%
Matt Damon
82%
Anthony Hopkins
72%
Denzel Washington
72%
Ben Affleck
65%
Kate Winslet
64%
Uma Thurman
62%
Ed Norton
60%
No matching quizzes found
Score Distribution
Percent of People with Each Score
Percentile by Number Answered
Your Score History
You have not taken this quiz